01016cam a2200301 a 45000010008000000030005000080050017000130080041000300100017000710200040000880380011001280400018001390500024001570820018001811000037001992450077002362600060003133000033003735000020004065040032004265630009004586500035004676500026005029060045005289420012005739990019005859520110006042878499NUST20220509101816.0860522s1986 maua b 001 0 eng  a 86014227  a0875841414 (alk. paper)z0875841457 awaseem aDLCcDLCdDLC00aHD8038.A1bR33 198600a658.3044bRAE1 aRaelin, Joseph A.,d1948-99129614aThe clash of cultures :bmanagers and professionals /cJoseph A. Raelin. aBoston, Mass. :bHarvard Business School Press,cc1986. axv, 299 p. :bill. ;c24 cm. aIncludes index. aBibliography: p. [271]-285. aHBK. 0aProfessional employees.991297 0aPersonnel management. a7bcbccorignewd1eocipf19gy-gencatlg 2ddccBK c589496d589496 00102ddc4070aCLbCLcMSd2022-05-09eDonationl0o658.3044 RAEpCL-D-1761r2022-05-09w2022-05-09yBK